| 000 | 02079cam a2200493 i 4500 | ||
|---|---|---|---|
| 001 | karelrobotgentle00patt | ||
| 003 | CaSfIA | ||
| 005 | 20210118161932.0 | ||
| 007 | cr|||| | ||
| 008 | 801031s1981 nyua 001 0 eng | ||
| 010 | _a 80026748 | ||
| 040 |
_aDLC _cDLC _dMUQ _dNLGGC _dBTCTA _dDEBBG _dCaSfIA |
||
| 020 | _a0471089281 | ||
| 020 | _a9780471089285 | ||
| 035 | _a(OCoLC)6942825 | ||
| 050 | 0 | 0 |
_aQA76.6 _b.P38 |
| 082 | 0 | 0 |
_a001.64/2 _219 |
| 100 | 1 | _aPattis, Richard E. | |
| 245 | 1 | 0 |
_aKarel the robot : _h[electronic resource] _ba gentle introduction to the art of programming / _cRichard E. Pattis. |
| 260 |
_aNew York : _bWiley, _cc1981. |
||
| 300 |
_axiv, 106 p. : _bill. ; _c23 cm. |
||
| 500 | _aIncludes indexes. | ||
| 650 | 0 | _aComputer programming. | |
| 650 | 6 | _aProgrammation (Informatique) | |
| 650 | 1 | 7 |
_aProgrammeren (computers) _2gtt |
| 655 | 7 |
_aEinführung. _2swd |
|
| 650 | 0 | 7 |
_aProgrammierung. _2swd |
| 776 | 0 | 8 |
_iOnline version: _aPattis, Richard E. _tKarel the robot. _dNew York : Wiley, c1981 _w(OCoLC)569725630 |
| 856 | 4 | 2 |
_3Publisher description _uhttp://www.loc.gov/catdir/enhancements/fy0607/80026748-d.html |
| 856 | 4 | 1 |
_3Table of contents only _uhttp://www.loc.gov/catdir/enhancements/fy0607/80026748-t.html |
| 856 | 4 | 1 |
_uhttp://www.archive.org/details/karelrobotgentle00patt _zFree eBook from the Internet Archive |
| 856 | 4 | 2 |
_uhttp://www.openlibrary.org/books/OL4111737M _zAdditional information and access via Open Library |
| 029 | 1 |
_aNLGGC _b803354274 |
|
| 029 | 1 |
_aNZ1 _b4968616 |
|
| 029 | 1 |
_aAU@ _b000001842690 |
|
| 029 | 1 |
_aAU@ _b000021449775 |
|
| 029 | 1 |
_aAU@ _b000023880842 |
|
| 029 | 1 |
_aZWZ _b023785578 |
|
| 029 | 1 |
_aUNITY _b065808886 |
|
| 029 | 1 |
_aDEBBG _bBV021927490 |
|
| 942 | _cEB | ||
| 506 | _fНеобхідна авторизація на https://archive.org/ (створення облікового запису безкоштовно) | ||
| 506 | _fНеобхідна авторизація на https://openlibrary.org/ (створення облікового запису безкоштовно) | ||
| 999 |
_c515340 _d515340 |
||